<?xml version="1.0" encoding="UTF-8"?>
<record
    xmlns:xsi="http://www.w3.org/2001/XMLSchema-instance"
    xsi:schemaLocation="http://www.loc.gov/MARC21/slim http://www.loc.gov/standards/marcxml/schema/MARC21slim.xsd"
    xmlns="http://www.loc.gov/MARC21/slim">

  <leader>00456nam a22001457a 4500</leader>
  <controlfield tag="005">20260223143320.0</controlfield>
  <datafield tag="041" ind1=" " ind2=" ">
    <subfield code="a">eng</subfield>
  </datafield>
  <datafield tag="082" ind1=" " ind2=" ">
    <subfield code="a">309.25095475</subfield>
    <subfield code="b">KAS</subfield>
  </datafield>
  <datafield tag="100" ind1=" " ind2=" ">
    <subfield code="a">Kashyap, S.P.</subfield>
  </datafield>
  <datafield tag="245" ind1=" " ind2=" ">
    <subfield code="a">Regional Planning in a Consistency Framework:</subfield>
    <subfield code="b">A Study of Gujarat /</subfield>
    <subfield code="c">by S.P. Kashyap</subfield>
  </datafield>
  <datafield tag="260" ind1=" " ind2=" ">
    <subfield code="a">Ahmedabad,</subfield>
    <subfield code="b">Sardar Patel  Institute of Economic and Social Science Research,</subfield>
    <subfield code="c">1979.</subfield>
  </datafield>
  <datafield tag="300" ind1=" " ind2=" ">
    <subfield code="a">158p.,</subfield>
    <subfield code="c">25cm.</subfield>
  </datafield>
  <datafield tag="440" ind1=" " ind2=" ">
    <subfield code="a">Monograph Series</subfield>
    <subfield code="v">6</subfield>
  </datafield>
  <datafield tag="942" ind1=" " ind2=" ">
    <subfield code="c">BK</subfield>
  </datafield>
  <datafield tag="952" ind1=" " ind2=" ">
    <subfield code="0">0</subfield>
    <subfield code="1">0</subfield>
    <subfield code="4">0</subfield>
    <subfield code="7">0</subfield>
    <subfield code="8">ICSSR</subfield>
    <subfield code="a">NEHU</subfield>
    <subfield code="b">NEHU</subfield>
    <subfield code="c">GEN</subfield>
    <subfield code="d">1980-07-30</subfield>
    <subfield code="l">0</subfield>
    <subfield code="o">309.25095475 KAS</subfield>
    <subfield code="p">IC372</subfield>
    <subfield code="r">2026-02-23 14:33:55</subfield>
    <subfield code="w">2026-02-23</subfield>
    <subfield code="y">BK</subfield>
  </datafield>
  <datafield tag="999" ind1=" " ind2=" ">
    <subfield code="c">184481</subfield>
    <subfield code="d">184480</subfield>
  </datafield>
</record>
